00631 a2200169 45000010006000000050017000060080041000230030015000640400040000790800135001192450092002540200022003462640033003683000019004010410008004201000033004286304020260407155925.0260407a1987 arg spa dAR-UNSa-BCEJYS aAR-UNSa-BCEJYSbspacAR-UNSa-BCEJYS a808.51xDisertación pública. Oratoria. Discursos de sobremesa. Oratoria pública. Discursos y brindis en ocasiones especiales10aArte de la persuasión oralpTeoría y práctica de la comunicación por la palabra a978-950-508-133-2 1aBuenos Aires :bAstreac1987 a304 p.c20 cm. aspa1 aFernández, Alberto Vicente